| 000 | 00793cam a22002413a 4500 | ||
|---|---|---|---|
| 001 | 12532 | ||
| 003 | PGUSA | ||
| 005 | 20140828083252.0 | ||
| 008 | 040601s2004||||xxu|||||s|||||000 1 eng d | ||
| 040 |
_aPGUSA _beng |
||
| 042 | _adc | ||
| 050 | 4 | _aPZ | |
| 100 | 1 |
_aAltsheler, Joseph A. _q(Joseph Alexander), _d1862-1919 |
|
| 245 | 1 | 4 |
_aThe Shades of the Wilderness : _bA Story of Lee's Great Stand _h[electronic resource] / _cJoseph A. Altsheler |
| 260 |
_bProject Gutenberg, _c2004 |
||
| 500 | _aThe Civil War Series, Volume 7 | ||
| 506 | _aPublic domain in the USA. | ||
| 516 | _aElectronic text | ||
| 653 | _aUnited States -- History -- Civil War, 1861-1865 -- Juvenile fiction | ||
| 830 | 0 |
_aProject Gutenberg _v12532 |
|
| 856 | 4 | 0 | _uhttp://www.gutenberg.org/ebooks/12532 |
| 942 | _cEB | ||
| 999 |
_c241787 _d241787 |
||